English League Title-Winning Managers — Sudden Death - Statistics

General Stats
  • This quiz has been taken 139 times
  • The average score is 23 of 30
Answers on the Grid
Answers color-coded by a green-red scale on the quiz's grid according to % correct below.
Carlo Ancelotti
Ron Atkinson
Rafael Benítez
Keith Burkinshaw
Matt Busby
Harry Catterick
Herbert Chapman
Brian Clough
Antonio Conte
Stan Cullis
Kenny Dalglish
Tommy Docherty
Ted Drake
Unai Emery
Joe Fagan
Alex Ferguson
George Graham
Pep Guardiola
Guus Hiddink
Kevin Keegan
Howard Kendall
Jürgen Klopp
Roberto Mancini
Lawrie McMenemy
Bertie Mee
Joe Mercer
José Mourinho
Bill Nicholson
Bob Paisley
Manuel Pellegrini
Mauricio Pochettino
Alf Ramsey
Claudio Ranieri
Harry Redknapp
Don Revie
Bobby Robson
Brendan Rodgers
Ron Saunders
Dave Sexton
Bill Shankly
Arne Slot
Thomas Tuchel
Terry Venables
Arsène Wenger
Howard Wilkinson
 
Answer Stats
Answer % Correct
Alex Ferguson
94%
Kenny Dalglish
92%
Alf Ramsey
91%
Pep Guardiola
91%
José Mourinho
90%
Bill Shankly
89%
Matt Busby
89%
Bob Paisley
88%
Brian Clough
88%
Arsène Wenger
87%
Jürgen Klopp
87%
Claudio Ranieri
85%
George Graham
81%
Arne Slot
79%
Don Revie
77%
Carlo Ancelotti
74%
Roberto Mancini
74%
Herbert Chapman
72%
Howard Wilkinson
72%
Joe Fagan
71%
Bill Nicholson
70%
Antonio Conte
67%
Howard Kendall
66%
Manuel Pellegrini
64%
Bertie Mee
61%
Ron Saunders
61%
Harry Catterick
60%
Stan Cullis
55%
Ted Drake
53%
Joe Mercer
51%
No matching quizzes found
Score Distribution
Percent of People with Each Score
Percentile by Number Answered
Your Score History
You have not taken this quiz